Preklad a verš

Bibliographic Details
Main Author: Kochol, Viktor, 1919-1984 (Author)
Format: Article
Language:Slovak

MARC

LEADER 00000nab a2200000 a 4500
001 vtls011102387
003 SK-MaSNL
005 20260303150049.0
008 230222|1980 xo |||||||||||||||||slo|
015 |a SNBRB 
035 |a (uuid)4aebf5fc-ba95-40b0-9f69-e445d51abbc1 
035 |a (urnnbn)urn:nbn:sk:snk:ar-007bss 
035 |a urn:nbn:sk:snk-ab98m6 
040 |a SNKBUCL  |b slo  |c SNKBUCL  |e AACR2 
041 0 |a slo 
044 |a xo  |c SK 
100 1 |a Kochol, Viktor,  |d 1919-1984  |4 aut  |9 105179 
245 1 0 |a Preklad a verš  |c Viktor Kochol 
773 0 |t Studia Academica Slovaca : prednášky ... letnej školy slovenského jazyka a kultúry  |g Roč. 9, č. 9 (1980), s. [163]-181 
954 |a odborná, vedecká literatúra pôvodná (slovenská)  |2 lita 
958 |a OND 
958 |a EUIPO 
958 |a article13 
999 |c 2007396  |d 2009326